000 01309nam a2200253Ia 4500
999 _c37620
_d37620
001 3592
003 GE_BSU
005 20190627185317.0
008 181216s2008||||ge |||||||||||||| ||geo||
020 _a9789941006258
040 _cGE_BSU
041 _ageo
080 _a327(479.9) გ–44
100 _aგვალია, გიორგი
_93007
245 _aძალთა წონასწორობა თუ საფრთხის წონასწორობა? :
_bალიანსები სამხრეთ კავკასიაში /
_cბთკკ-პოლიტიკის კვლევის ჯგუფი.
260 _c2008
264 _aთბილისი :
_bSida : ევრაზიის თანამშრომლობის ფონდი,
_c 2008.
300 _a85 გვ. ;
_b20 სმ.
490 _aბთკკ-ს საერთაშორისო პოლიტიკის კვლევების სერია ; წ. 4
504 _aბიბლიოგრ. ტექსტ. შენიშვნ. და გვ. 77-86.
520 _aრეზ. ინგლ..
653 _aსამხრეთ კავკასიის ქვეყნების საგარეო პოლიტიკა
942 _cBK
_2udc